Explaining Implausible Results in Shadow Economy Estimation Using MIMIC Models

Už desaťročia sa ekonómovia snažia odhadnúť veľkosť tieňovej ekonomiky (SE), ktorá nie je priamo pozorovateľná. Tento dokument skúma, ako model MIMIC (Multiple Indicator Multiple Cause) môže priniesť odhady SE/HDP (podiel SE na hrubom domácom produkte) pod 0 %, nad 100 % a iné nepravdepodobné výsled...

Descrizione completa

Salvato in:
Dettagli Bibliografici
Autore principale: Smrčková, Martina
Altri autori: Brůna, Karel
Natura: Capitolo di libro
Lingua:inglese
Soggetti:
Tags: Aggiungi Tag
Nessun Tag, puoi essere il primo ad aggiungerne!!

MARC

LEADER 00000naa a2200000 4500
001 0305778
005 20241223103317.0
041 0 |a eng 
044 |a CZ 
245 1 0 |a Explaining Implausible Results in Shadow Economy Estimation Using MIMIC Models  |c Martina Smrčková, Karel Brůna 
520 |a Už desaťročia sa ekonómovia snažia odhadnúť veľkosť tieňovej ekonomiky (SE), ktorá nie je priamo pozorovateľná. Tento dokument skúma, ako model MIMIC (Multiple Indicator Multiple Cause) môže priniesť odhady SE/HDP (podiel SE na hrubom domácom produkte) pod 0 %, nad 100 % a iné nepravdepodobné výsledky. Pozornosť sa sústreďuje na nové kalibračné metódy od spoločnosti Dell’Anno (2022) a údaje o Českej republike (1993–2021). V článku sa uvádza, že jednou z hlavných príčin nepravdepodobných výsledkov je nesúlad medzi definíciou SE vyplývajúcou z modelu MIMIC a definíciou použitou na exogénne odhady použité na kalibráciu. Preto autori navrhujú testovanie súladu medzi definíciami SE, ako je hodnotenie trendov v latentnej premennej (skóre prvej fázy) vyplývajúce z modelu MIMIC a exogénnych odhadov alebo použitie regresnej alebo korelačnej analýzy. 
610 2 0 |a ekonomika tieňová 
610 2 0 |a modelovanie 
610 2 0 |a Česko 
100 1 |a Smrčková, Martina 
700 1 |a Brůna, Karel